<?xml version="1.0" encoding="UTF-8"?>
<record
    xmlns:xsi="http://www.w3.org/2001/XMLSchema-instance"
    xsi:schemaLocation="http://www.loc.gov/MARC21/slim http://www.loc.gov/standards/marcxml/schema/MARC21slim.xsd"
    xmlns="http://www.loc.gov/MARC21/slim">

  <leader>01064cam a2200253 a 4500</leader>
  <controlfield tag="005">20160215125330.0</controlfield>
  <controlfield tag="008">030514q2005    ck     jr     00 1j spa d</controlfield>
  <datafield tag="020" ind1=" " ind2=" ">
    <subfield code="a">958816818X</subfield>
  </datafield>
  <datafield tag="040" ind1=" " ind2=" ">
    <subfield code="a">CO-BoBLA </subfield>
    <subfield code="c">CO-BoBLA</subfield>
    <subfield code="d">CO-BoIAVH</subfield>
  </datafield>
  <datafield tag="041" ind1="0" ind2=" ">
    <subfield code="a">spa</subfield>
  </datafield>
  <datafield tag="044" ind1=" " ind2=" ">
    <subfield code="a">ck</subfield>
  </datafield>
  <datafield tag="090" ind1=" " ind2=" ">
    <subfield code="a">EA-</subfield>
    <subfield code="b">389</subfield>
  </datafield>
  <datafield tag="245" ind1="0" ind2="3">
    <subfield code="a">El d&#xED;a que pietra terrosa se movi&#xF3; / </subfield>
    <subfield code="c">[colaboradores Luz Francy Navarro ... [et al.] ; ilustraciones Logo Sapiens, Luz Marina Camacho Turriago, Rub&#xE9;n Dar&#xED;o Rojas Olier].</subfield>
  </datafield>
  <datafield tag="260" ind1="3" ind2=" ">
    <subfield code="a">Bogot&#xE1; (Colombia) : </subfield>
    <subfield code="b">Alcald&#xED;a Mayor de Bogot&#xE1; : </subfield>
    <subfield code="b">Secretaria de Gobierno,</subfield>
    <subfield code="c">[2005].</subfield>
  </datafield>
  <datafield tag="300" ind1=" " ind2=" ">
    <subfield code="a">18 p&#xE1;ginas : </subfield>
    <subfield code="b">ilustraciones a color ; </subfield>
    <subfield code="c">22 x 28 cm.</subfield>
  </datafield>
  <datafield tag="650" ind1=" " ind2="6">
    <subfield code="a">Terremotos</subfield>
    <subfield code="v">Libro infantil.</subfield>
  </datafield>
  <datafield tag="650" ind1="1" ind2="6">
    <subfield code="a">Desastres naturales</subfield>
    <subfield code="v">Libro infantil.</subfield>
  </datafield>
  <datafield tag="650" ind1="1" ind2="6">
    <subfield code="a">Prevenci&#xF3;n de desastres.</subfield>
  </datafield>
  <datafield tag="700" ind1="1" ind2="2">
    <subfield code="a">Navarro Cuervo, Luz Francy.</subfield>
  </datafield>
  <datafield tag="700" ind1="1" ind2="2">
    <subfield code="a">Camacho Turriago, Luz Marina, </subfield>
    <subfield code="e">ilustraciones</subfield>
  </datafield>
  <datafield tag="700" ind1="1" ind2="2">
    <subfield code="a">Rojas Olier, Rub&#xE9;n Dar&#xED;o, </subfield>
    <subfield code="e">ilustraciones</subfield>
  </datafield>
  <datafield tag="710" ind1="2" ind2="2">
    <subfield code="a">Logo Sapiens, </subfield>
    <subfield code="e">ilustraciones</subfield>
  </datafield>
  <datafield tag="942" ind1=" " ind2=" ">
    <subfield code="2">ddc</subfield>
    <subfield code="c">LIBRO</subfield>
  </datafield>
  <datafield tag="999" ind1=" " ind2=" ">
    <subfield code="c">6632</subfield>
    <subfield code="d">6632</subfield>
  </datafield>
  <datafield tag="952" ind1=" " ind2=" ">
    <subfield code="0">0</subfield>
    <subfield code="1">0</subfield>
    <subfield code="2">ddc</subfield>
    <subfield code="4">0</subfield>
    <subfield code="7">0</subfield>
    <subfield code="8">EDUAMBIENT</subfield>
    <subfield code="I">INV2017</subfield>
    <subfield code="a">Venado</subfield>
    <subfield code="b">Venado</subfield>
    <subfield code="d">2008-10-10</subfield>
    <subfield code="l">0</subfield>
    <subfield code="o">EA-389</subfield>
    <subfield code="p">026451</subfield>
    <subfield code="r">2012-12-04 00:00:00</subfield>
    <subfield code="t">Ej.1</subfield>
    <subfield code="w">2012-12-04</subfield>
    <subfield code="x">Donaci&#xF3;n</subfield>
    <subfield code="y">Folleto</subfield>
  </datafield>
</record>
